000 05151cam a22018374i 4500
003 PE-LiUPU
005 20250813165524.0
008 180627s2017 mx a r 000 0 spa d
020 _a6071508789
020 _a9786071508782
035 _a(Sirsi) a249071
040 _aPE-LiUPU
_bspa
_cPE-LiUPU
_erda
041 1 _aspa
_heng
049 _aPRUA
082 0 4 _a612.22
_bS17
_220
100 1 _aSaladin, Kenneth S.,
_eautor.
245 1 0 _aAnatomía y fisiología :
_bla unidad entre forma y función /
_cKenneth S. Saladin.
250 _aSexta edición.
264 1 _aMéxico :
_bMc Graw Hill Education,
_c2013.
300 _axxv, 1136 páginas :
_bilustraciones ;
_c28 centímetros
336 _atext
_2rdacontent
337 _aunmediated
_2rdamedia
338 _avolume
_2rdacarrier
504 _aÍndice : páginas I-1-I45.
505 0 _aOrganización corporal -- Temas principales de anatomía y fisiología -- Atlas A orientación general para la anatomía humana -- La química de vida -- Forma y función celular -- Histología -- Soporte y movimiento -- El sistema tegumentario -- Tejido óseo -- El sistema óseo -- Articulaciones El sistema muscular -- Atlas B anatomía regional y de superficie -- Tejido muscular -- Integración y control-- Tejido nervioso -- Médula espinal, nervios raquídeos y reflejos somáticos -- El encéfalo y los pares craneales -- El sistema nervioso autónomo y los reflejos viscerales -- órganos de los sentidos -- Sistema endocrino -- Regulación y mantenimiento -- El aparato circulatorio: sangre -- El aparato circulatorio: el corazón -- El aparato circulatorio: vasos sanguíneos y circulación -- Los sistemas linfático e inmunitario -- El aparato respiratorio -- El aparato urinario -- Equilibrios hídrico, hidroelectrolítico y acido básico -- El aparato digestivo -- Nutrición y metabolismo -- Reproducción y desarrollo -- Aparato reproductor masculino -- Aparato reproductor femenino -- Desarrollo humno y envejecimiento.
526 _aP203
526 _aP200
526 _aSEG65
526 _aSEG64
526 _aSEG63
526 _aSEG62
526 _aSEG61
526 _aSEG60
526 _aSEG59
526 _aSEG58
526 _aSEG57
526 _aSEG56
526 _aSEG55
526 _aSEG54
526 _aSEG53
526 _aSEG52
526 _aSEG51
526 _aSEG50
526 _aSEG49
526 _aSEG48
526 _aSEG47
526 _aSEG46
526 _aSEG24
526 _aSEG23
526 _aSEG22
526 _aSEG21
526 _aSEG20
526 _aSEG19
526 _aSEG18
526 _aSEG17
526 _aSEG16
526 _aSEG14
526 _aSEG13
526 _aSEG12
526 _aSEG11
526 _aSEG10
526 _aSEG09
526 _aSEG06
526 _aSEG05
526 _aSEG04
526 _aSEG03
526 _aSEG02
526 _aSEG68
526 _aSEG66
526 _aSEG45
526 _aSEG25
526 _aSEG01
526 _aP163
526 _aP162
526 _aP161
526 _aP160
526 _aP159
526 _aP158
526 _aP157
526 _aP156
526 _aP155
526 _aP154
526 _aP153
526 _aP152
526 _aP151
526 _aP150
526 _aP149
526 _aP142
526 _aP141
526 _aP140
526 _aP139
526 _aP138
526 _aP137
526 _aP132
526 _aP131
526 _aP130
526 _aP126
526 _aP125
526 _aP124
526 _aP123
526 _aP115
526 _aP122
526 _aP121
526 _aP116
526 _a P114
526 _aP112
526 _aP111
526 _aP104
526 _aP103
526 _aP102
526 _aP101
526 _aP100
526 _aP96
526 _aP95
526 _aP93
526 _aP92
526 _aP91
526 _aP88
526 _aP83
526 _aP82
526 _aP79
526 _aP78
526 _aP75
526 _aP74
526 _aP71
526 _aP69
526 _a P51
526 _aP49
526 _aP48
526 _aP47
526 _aP33
526 _aP31
526 _a P30
526 _aP29
526 _aP27
526 _aP26
526 _aP25
526 _aP24
526 _a P22
526 _aP10
526 _aP09
526 _a P08
526 _aP06
526 _aP05
526 _aP04
526 _aP01
534 _pTítulo original :
_tAnatomy & phsilogy: the unity of from and function.
541 _gF002-00000098;
650 1 4 _aAnatomia humana.
_9670
650 2 4 _aFisiologia humana.
_9750
910 _adbm
_bjpc
_cjpc
_d20180627
942 _2ddc
_cBOOK
994 _aC0
_bPEPRU
596 _a1
999 _a612.22 S17
_wDEWEY
_c28666
_i78801
_d28666
_e2022-7-12
_f2021-11-3
_g4
_lCCODEBUL1
_mBUL
_n54
_p114.00
_q25
_r0
_sY
_tBOOK
_u2018-6-26
_xSALUD
_zP22
_0COMPRA
_1FCOMPRA
_o.STAFF. Colección Ciencias de la Salud
980 _81
_gALBERTO SANCHEZ Responsable de Automatización